Complex analysis : (Record no. 181038)
[ view plain ]
| 000 -LEADER | |
|---|---|
| fixed length control field | 01199 a2200241 4500 |
| 003 - CONTROL NUMBER IDENTIFIER | |
| control field | NUST |
| 005 - DATE AND TIME OF LATEST TRANSACTION | |
| control field | 20230801085931.0 |
| 010 ## - LIBRARY OF CONGRESS CONTROL NUMBER | |
| LC control number | 00057577 |
| 020 ## - INTERNATIONAL STANDARD BOOK NUMBER | |
| International Standard Book Number | 0763714259 |
| 040 ## - CATALOGING SOURCE | |
| Transcribing agency | Nust |
| 082 00 - DEWEY DECIMAL CLASSIFICATION NUMBER | |
| Classification number | 515,MAT |
| 100 1# - MAIN ENTRY--PERSONAL NAME | |
| Personal name | Mathews, John H., |
| 9 (RLIN) | 39452 |
| 245 10 - TITLE STATEMENT | |
| Title | Complex analysis : |
| Remainder of title | for mathematics and engineering (Include CD) / |
| Statement of responsibility, etc. | John H. Mathews, Russell W. Howell. |
| 250 ## - EDITION STATEMENT | |
| Edition statement | 4th ed. |
| 260 ## - PUBLICATION, DISTRIBUTION, ETC. | |
| Place of publication, distribution, etc. | Sudbury, Mass. : |
| Name of publisher, distributor, etc. | Jones and Bartlett Publishers, |
| Date of publication, distribution, etc. | 2001. |
| 300 ## - PHYSICAL DESCRIPTION | |
| Extent | xi, 596 p .; |
| Other physical details | ill. (some col.) ; |
| Dimensions | 25 cm.+ |
| Accompanying material | 1 computer laser optical disc (4 3/4). |
| 505 ## - FORMATTED CONTENTS NOTE | |
| Formatted contents note | Complex Numbers (Page-1), Complex Functions (Page-49), Analytic and Harmonic Functions (Page-93), Sequences, Julia and Mandelbrot Set, and Power Series (Page-125), Elementary Functions (Page-161), Complex Integration (Page-201), Taylor and Laurent Series (Page-261), Residue Theory (Page-3070, Conformal Mapping (Page-355), Applications of Harmonic Functions (Page-387), Fourier Series and the Laplace Transforms (Page-483). |
| 650 #0 - SUBJECT ADDED ENTRY--TOPICAL TERM | |
| Topical term or geographic name entry element | Functions of complex variables. |
| 650 #0 - SUBJECT ADDED ENTRY--TOPICAL TERM | |
| Topical term or geographic name entry element | Mathematical analysis. |
| 651 ## - SUBJECT ADDED ENTRY--GEOGRAPHIC NAME | |
| Geographic name | (Include CD) |
| 9 (RLIN) | 8953 |
| 700 1# - ADDED ENTRY--PERSONAL NAME | |
| Personal name | Howell, Russell W. |
| 9 (RLIN) | 102907 |
| 942 ## - ADDED ENTRY ELEMENTS (KOHA) | |
| Source of classification or shelving scheme | |
| Koha item type | Book |
| Call number prefix | 515,MAT |
| Withdrawn status | Lost status | Source of classification or shelving scheme | Damaged status | Not for loan | Permanent Location | Current Location | Shelving location | Date acquired | Total Checkouts | Full call number | Barcode | Date last seen | Date last checked out | Price effective from | Koha item type | Public note |
|---|---|---|---|---|---|---|---|---|---|---|---|---|---|---|---|---|
| Military College of Signals (MCS) | Military College of Signals (MCS) | General Stacks | 12/12/2016 | 2 | 515,MAT | MCS28313 | 07/18/2024 | 03/20/2024 | 12/12/2016 | Book | Almirah No.13, Shelf No.1 |
